01356nam a22001817a 4500008004400000082001500044111004500059245007200104250001800176260008000194300004500274505072500319653002501044653003401069653002201103653002401125653002501149170816s2014 dr||||| |||| 00| 0 spa d04a708bC397v1 aConcurso de Arte Eduardo León Jimenes.10aXXV Concurso de Arte Eduardo León Jimenes :bcatálogo de obras. a1a edición. aSantiago de los Caballeros, República Dominicana :bCentro León,c2014. a164 páginas :bilustraciones en color.0 tCultivar las génesis, las construcciones, las trayectorias, las reflexionesrDra. María Amalia León de Jorge.tLas travesías redefinen todas las representaciones mentalesrEntrevista a Andrea Giunta.tLa construcción de significados colectivosrEntrevista a Sofía Hernández Chong Cuy.tPara poder repensar nuestro país desde el arterEntrevista a Jorge Pineda.tJurados.tArtistas selecionados y obrasrLaura Castro, Fermín Ceballos, Queury Dicent, Patricia Encarnación, Andrés Farías Cintrón, Mónica Ferreras de la Maza, Marie Jiménez, Joiri Minaya, Randy Morales (Rands), Jochi Muñoz, Gustavis Peña, David Pérez (Karmadavis), Freddy Pérez (Prandy) y Maurice Sánchez.tOpiniones.10aArte contemporáneo10aArte - República Dominicana10aConcursos de arte10aCatálogo de obras10aEventos artísticos